| 000 | 00413nam a2200157Ia 4500 | ||
|---|---|---|---|
| 003 | GCL | ||
| 008 | 140319s9999 xx 000 0 eng d | ||
| 040 |
_aGCL / _cGCL |
||
| 082 | 0 | 4 |
_a301.072 _bLN |
| 100 | 1 | _aLAYDER, DEREK | |
| 245 | 1 | 0 |
_aNEW STRATEGIS IN SOCIAL RESEARCH / _cLAYDER, DEREK |
| 260 |
_a[S.N] : _bPOLITY PRESS ، _c1993 |
||
| 650 | 0 | 4 | _aSOCIAL SCIENCE |
| 650 | 0 | 4 | _aSOCIAL RESEARCH |
| 942 |
_2ddc _cBK |
||
| 999 |
_c11666 _d11666 |
||